000 00747nam a2200217 a 4500
001 BRL_326
005 20190320210703.0
008 290713s1984----mx-a######---#000-0#spa-#
041 _aspa
044 _amx
050 4 _aLB2301
_b.C85 1984
245 1 0 _aLas culturas populares y la educación superior
_b2o foro interamericano.
260 _aColima
_bUniversidad de Colima
_c1984
300 _a185 p.
_bil.
_c28 cm.
500 _aej.1 Au2322, ej.2 Au1205
500 _aLa biblioteca cuenta con 2 ejemplares
650 1 4 _aEducación superior
_vDiscursos, ensayos, conferencias
_xCultura popular
_923554
711 2 _aLas culturas populares y la educación superior
_n2
_denero, 1984
_cUniversidad de Colima
_923555
902 _aGRL
942 _2lcc
_cB
999 _c9139
_d9139